Deregulácia nájomného

Z obsahu: Štát je stále ochotný uhrádzať polovicu nákladov za nájomníkov. Odborníci navrhujú postupne zvyšovať nájomné päť rokov po sebe. Budúci rok treba nájomné zdvojnásobiť. Odstránením plošných dotácií nájomného sa pomôže všetkým občanom. Zachovať počet bytov z roku 1991 je nereálne. Pri regulov...

Full description

Saved in:
Bibliographic Details
Main Author: Zverková, Daniela
Format: Book
Language:Slovak
Subjects:
Tags: Add Tag
No Tags, Be the first to tag this record!

MARC

LEADER 00000nam a2200000 4500
001 r030736
005 20230921083328.4
041 0 |a slo 
044 |a SK 
245 1 0 |a Deregulácia nájomného  |c Daniela Zverková 
520 |a Z obsahu: Štát je stále ochotný uhrádzať polovicu nákladov za nájomníkov. Odborníci navrhujú postupne zvyšovať nájomné päť rokov po sebe. Budúci rok treba nájomné zdvojnásobiť. Odstránením plošných dotácií nájomného sa pomôže všetkým občanom. Zachovať počet bytov z roku 1991 je nereálne. Pri regulovanom nájomnom sa neoplatí stavať byty. V Nemecku pomohol trhu s bytmi štát. 
610 2 0 |a nájomné 
610 2 0 |a regulácia 
610 2 0 |a dotácie 
610 2 0 |a byty 
610 2 0 |a štát 
610 2 0 |a Slovensko 
610 2 0 |a Nemecko 
100 1 |a Zverková, Daniela